<?xml version="1.0" encoding="UTF-8"?><?xml-stylesheet type="text/xsl" href="static/style.xsl"?><OAI-PMH xmlns="http://www.openarchives.org/OAI/2.0/" xmlns:xsi="http://www.w3.org/2001/XMLSchema-instance" xsi:schemaLocation="http://www.openarchives.org/OAI/2.0/ http://www.openarchives.org/OAI/2.0/OAI-PMH.xsd"><responseDate>2026-04-27T19:45:44Z</responseDate><request verb="GetRecord" identifier="oai:uvadoc.uva.es:10324/18802" metadataPrefix="marc">https://uvadoc.uva.es/oai/request</request><GetRecord><record><header><identifier>oai:uvadoc.uva.es:10324/18802</identifier><datestamp>2021-06-29T15:52:02Z</datestamp><setSpec>com_10324_38</setSpec><setSpec>col_10324_852</setSpec></header><metadata><record xmlns="http://www.loc.gov/MARC21/slim" xmlns:doc="http://www.lyncode.com/xoai" xmlns:xsi="http://www.w3.org/2001/XMLSchema-instance" xmlns:dcterms="http://purl.org/dc/terms/" xsi:schemaLocation="http://www.loc.gov/MARC21/slim http://www.loc.gov/standards/marcxml/schema/MARC21slim.xsd">
<leader>00925njm 22002777a 4500</leader>
<datafield tag="042" ind1=" " ind2=" ">
<subfield code="a">dc</subfield>
</datafield>
<datafield tag="720" ind1=" " ind2=" ">
<subfield code="a">Linares Martínez, Víctor</subfield>
<subfield code="e">author</subfield>
</datafield>
<datafield tag="260" ind1=" " ind2=" ">
<subfield code="c">2016</subfield>
</datafield>
<datafield tag="520" ind1=" " ind2=" ">
<subfield code="a">La traducción jurídica no está limitada solamente a contextos íntegramente legales. El lenguaje jurídico también puede darse en otros entornos más relacionados con mundo del entretenimiento, como por ejemplo en el ámbito audiovisual. Para ver cómo puede afectar este lenguaje al mundo audiovisual, vamos a analizar los sistemas jurídicos tanto inglés como español, las características de sus lenguajes y estableceremos una serie de estrategias de traducción. Para llevar a cabo nuestro estudio, trabajaremos sobre la dificultad del trasvase de la película dirigida por Billy Wilder, Witness for the Prosecution (1957), a su versión doblada al español.</subfield>
</datafield>
<datafield tag="024" ind2=" " ind1="8">
<subfield code="a">http://uvadoc.uva.es/handle/10324/18802</subfield>
</datafield>
<datafield ind1=" " ind2=" " tag="653">
<subfield code="a">Traducción cinematográfica</subfield>
</datafield>
<datafield ind1=" " ind2=" " tag="653">
<subfield code="a">Traducción e interpretación</subfield>
</datafield>
<datafield tag="245" ind1="0" ind2="0">
<subfield code="a">Traducción jurídica EN-ES en el cine: Análisis práctico de la película Witness for the Prosecution (Billy Wilder, 1957)</subfield>
</datafield>
</record></metadata></record></GetRecord></OAI-PMH>